| 000 | 00399cam a2200169ua 4500 | ||
|---|---|---|---|
| 020 | _c2.50 | ||
| 041 |
_ahin _h |
||
| 082 |
_a891.54 _bCHA/AS |
||
| 100 | _aChandra Gupta, Vidyalankar . | ||
| 245 |
_aAshoka / _cChandra Gupta Vidyalankar. _hTextual Documents |
||
| 260 |
_a : _bRajpal and Sanch. |
||
| 300 | _a143 ; . | ||
| 365 | _a2.50 | ||
| 504 | _a | ||
| 942 | _cBK | ||
| 999 |
_c8278 _d8278 |
||